000 00257nam a2200109 a 4500
005 20201002052930.0
008 150821s1987 000 spa d
020 _a8420728357
245 0 _aCaligrafĂ­a.
260 _aMadrid : Anaya,
_c1987.
999 _c46011
_d46011
040 _aDO-SdBNP